Score 0/80 Timer 10:00
0 Plays Today
Years acheived Superstar % Correct
2018 MensFinn Balor
100%
1995Shawn Michaels
96.5%
2008Shawn Michaels
96.5%
2016Chris Jericho
95.5%
2013Chris Jericho
95.3%
1996Triple H
95.1%
2006Triple H
95.1%
2009Triple H
95.1%
2017Chris Jericho
94.4%
1997Steve Austin
93.7%
1999Steve Austin
93.7%
2008The Undertaker
93.2%
2009The Undertaker
93.2%
2001Kane
92.7%
2006Rey Mysterio
92.5%
2009Rey Mysterio
92.5%
2004Chris Benoit
90.8%
2005Chris Benoit
90.8%
2006Chris Benoit
90.8%
1992Ric Flair
90.6%
2004Randy Orton
89.2%
2009Randy Orton
89.2%
1998The Rock
87.1%
2001The Rock
87.1%
2016Roman Reigns
86.4%
2016Dean Ambrose
86.4%
1990Ted DiBiase
86.2%
2013Dolph Ziggler
85.9%
2012The Miz
85.9%
2014Dean Ambrose
84.2%
2014Roman Reigns
84.2%
2012Cody Rhodes
83.5%
2005Rey Mysterio
82.9%
2003Chris Jericho
81.7%
2005Edge
81.7%
2007Edge
81.7%
2009Chris Jericho
81.7%
2014Seth Rollins
81.6%
2015Bray Wyatt
79.3%
2014CM Punk
78.9%
Years acheived Superstar % Correct
1999Vince McMahon
78.4%
2013Sheamus
75%
2008Batista
74.9%
1991British Bulldog
72.5%
1995British Bulldog
72.5%
2009Cody Rhodes
70.7%
2009Ted DiBiase Jr.
68.3%
2017The Miz
66.7%
2015Rusev
65.5%
1993Bob Backlund
59.6%
2003Rob Van Dam
56.8%
2017Baron Corbin
55.6%
1989Mr. Perfect
55.4%
1991Rick Martel
53.5%
2018 MensRusev
50%
2018 WomensSasha Banks
50%
2019 MensMustafa Ali
50%
2019 MensSeth Rollins
50%
1992Roddy Piper
48.1%
1998JBL
47.4%
1996Jerry Lawler
46.7%
2017Sami Zayn
44.4%
1991Greg Valentine
44.1%
1996Hardcore Holly
43.2%
2007Finlay
40.4%
2009Finlay
40.4%
1991Tito Santana
39.2%
2006Carlito
36.6%
1998D'Lo Brown
35.7%
1994Bam Bam Bigelow
32.4%
2011John Cena
25.6%
1991Hercules
22.3%
2011CM Punk
21.8%
19988 Ball
20.2%
2009Mike Knox
19%
2018 MensShinsuke Nakamura
0%
2018 WomensBecky Lynch
0%
2019 WomenCharlotte
0%
2019 WomensEmber Moon
0%
2019 WomensNatalya
0%

You're not logged in!

Compare scores with friends on all Sporcle quizzes.
OR
Log In

Sporcle TV

Today on Sporcle TV


Watch our educational content, quiz creation guides, and fun videos on Sporcle TV.

Show Comments

Extras

Top Quizzes Today


Score Distribution

Paid Content

Your Account Isn't Verified!

In order to create a playlist on Sporcle, you need to verify the email address you used during registration. Go to your Sporcle Settings to finish the process.

Report this User

Report this user for behavior that violates our Community Guidelines.

Details: